Taylor Swift End Game Lyrics - Statistics

General Stats
  • This quiz has been taken 824 times
  • The average score is 245 of 423
Answer Stats
Hint Answer % Correct
Taylor Swift & Future | Taylor Swift Verse I
100%
you
99%
You
99%
end
98%
game
98%
a
97%
be
97%
when
97%
your
96%
me
95%
Chorus wanna
95%
and
94%
And
94%
go
94%
Post-Chorus Reputation
94%
reputation
94%
Taylor Swift & Future Big
91%
big
91%
we
91%
We
91%
first
89%
Oh
89%
oh
89%
the
88%
The
88%
do
87%
got
87%
to
86%
Verse so
85%
So
85%
about
82%
don't
82%
heard
82%
like
82%
Like
82%
on
82%
bad
75%
conversation
74%
some
74%
one
72%
too
71%
enemies
70%
over
70%
ah
68%
ones
68%
string
68%
girl
65%
dope
60%
reputations
60%
Just
58%
just
58%
it
56%
my
56%
I'm
54%
love
54%
Yeah
54%
overdose
53%
all
52%
would
50%
that
48%
they
48%
with
45%
see
44%
what
43%
girls
41%
in
41%
know
41%
other
41%
touch
41%
need
40%
precede
40%
another
39%
miss
38%
But
37%
but
37%
Drinking
34%
ex-love
34%
most
34%
beach
33%
hurt
33%
say
33%
where
33%
of
32%
we'd
32%
Taylor Swift Chorus play
31%
cause
30%
call
28%
type
28%
was
28%
is
27%
life
27%
stoked
27%
whenever
27%
young
27%
for
26%
For
26%
toast
26%
A-side
25%
boat
25%
ain't
24%
persona
24%
away
23%
boy
23%
were
23%
hit
22%
protect
22%
that's
22%
whippin'
21%
bang
20%
Both
20%
both
20%
drama
20%
it's
20%
It's
20%
tryna
20%
G5
19%
loves
19%
down
18%
swear
18%
are
16%
come
16%
hold
16%
older
16%
can't
15%
Verse her
15%
I've
15%
bit
14%
from
14%
July
14%
little
14%
bury
13%
chips
13%
forget
13%
ghost
13%
let
13%
precedes
13%
put
13%
shoulders
13%
truth
13%
couldn't
12%
crazy
12%
'em
12%
sprung
12%
tried
12%
four
11%
keep
11%
Ed Sheern Knew
11%
Chorus lips
11%
maps
11%
not
11%
red
11%
rumors
11%
deep
10%
I'll
10%
issues
10%
knee
10%
told
10%
You've
10%
hatchets
9%
body
8%
born
8%
eyes
8%
gold
8%
good
8%
hand
8%
something
8%
soul
8%
up
8%
all say
7%
believe
7%
storm
7%
4th
6%
After
6%
argue
6%
been
6%
here's
6%
ignore
6%
long
6%
never
6%
prints
6%
reconnected
6%
this
6%
easier
5%
Even
5%
song
5%
tip
5%
tricks
5%
understand
5%
way
5%
beautiful
4%
bluff
4%
deny
4%
hard
4%
liquor
4%
made
4%
usual
4%
words
4%
calling
3%
ease
3%
insecurities
3%
mistakes
3%
paranoia
3%
tongue
3%
traits
3%
choices
2%
flaws
2%
days
1%
fun
1%
passed
1%
without
1%
No matching quizzes found
Score Distribution
Percent of People with Each Score
Percentile by Number Answered
Your Score History
You have not taken this quiz